Guía de Mariposas: (Registro nro. 20390)
[ vista simple ]
| 000 -CABECERA | |
|---|---|
| Campo de control | 00739nam a22002177a 4500 |
| 005 - FECHA Y HORA DE LA ULTIMA TRANSACCION | |
| Campo de control | 20190226163050.0 |
| 008 - ELEMENTOS DE LONGITUD FIJA—INFORMACION GENERAL | |
| Campo de control | 190226b xxu||||| |||| 00| 0 spa d |
| 040 ## - FUENTE DE CATALOGACIÓN | |
| Agencia catalogadora original | CO-BoIAVH |
| Agencia transcriptora | CO-BoIAVH |
| 041 ## - IDIOMA | |
| Código de idioma para texto/pista de sonido o título separado | Español |
| 044 ## - PAÍS DE PUBLICACIÓN | |
| País de publicación | México |
| 090 ## - CLASIFICACIÓN LOCAL | |
| Colección | FG |
| Consecutivo | 0294 |
| 100 ## - ASIENTO PRINCIPAL--NOMBRE PERSONAL | |
| Nombre personal | Ek del Val Gortari |
| 9 (RLIN) | 101494 |
| 245 ## - MENCION DE TITULO | |
| Título | Guía de Mariposas: |
| Parte restante del título | Reserva de la biosfera, mariposa monarca |
| 260 ## - PUBLICACION, DISTRIBUCION, ETC. (PIE DE IMPRENTA) | |
| Lugar de publicación, distribución, etc. | México: |
| Nombre del editor, distribuidor, etc. | Comisión Nacional de Áreas Naturales Protegidas.(CONANP) |
| Fecha de publicación, distribución, etc. | 2016. |
| 300 ## - DESCRIPCION FISICA | |
| Extensión | plegable |
| Dimensiones | 21x10cm |
| 490 ## - MENCION DE SERIE | |
| Mención de serie | Serie de Guías de campo, reserva de la biosfera mariposa monarca, México natura,(IIES-MBF-UMSNH-CONABIO-CONANP |
| 650 #0 - ASIENTO SECUNDARIO DE MATERIA - TERMINO TEMATICO | |
| 9 (RLIN) | 2344 |
| Término temático o nombre geográfico como elemento de entrada | Mariposas |
| 650 #0 - ASIENTO SECUNDARIO DE MATERIA - TERMINO TEMATICO | |
| 9 (RLIN) | 3535 |
| Término temático o nombre geográfico como elemento de entrada | Insectos |
| 650 #0 - ASIENTO SECUNDARIO DE MATERIA - TERMINO TEMATICO | |
| 9 (RLIN) | 54 |
| Término temático o nombre geográfico como elemento de entrada | Biodiversidad |
| 942 ## - ELEMENTOS ADICIONALES (KOHA) | |
| Sistema de clasificación | Local |
| Tipo de ítem | Folleto |
| Withdrawn status | Lost status | Sistema de Clasificación | Damaged status | No para préstamo | Colección | Ubicación Permanente | Ubicación actual | Fecha de adquisición | Total Checkouts | Número topográfico | Inventario / Código de Barras | Date last seen | Ejemplar | Price effective from | Forma de adquisición | Tipo de material |
|---|---|---|---|---|---|---|---|---|---|---|---|---|---|---|---|---|
| Local | Hemeroteca | Bogotá | Bogotá | 26/02/2019 | FG-0294 | 030391 | 26/02/2019 | Ej.1 | 26/02/2019 | Donación | Folleto |